reSTART /

Hlavní autor: Bende, Petr, 1977-
Jazyk: Čeština
Vydáno: Praha : Supraphon, 2016
Témata:
Fyzický popis: 1 CD audio ; 12 cm
Zvukové nahrávky
Uloženo v:
LEADER 01770njm a2200481 i 4500
001 001561062
003 CZ BrMZK
005 20170207121012.0
007 sd fungnnmmned
008 170119t20162016xr munng d n cze
015 |a cnb002855293 
024 1 |a 099925634728 
028 0 1 |a SU 6347-2  |b Supraphon 
040 |a BOA001  |b cze  |e rda 
045 |a y1y1 
047 |a pp  |a rc 
072 7 |a 78.011.26  |x Populární hudba. Populární písně. Populární taneční hudba  |2 Konspekt  |9 9 
080 |a 78.036  |2 MRF 
080 |a 784.4.011.26  |2 MRF 
080 |a (086.76)  |2 MRF 
100 1 |a Bende, Petr,  |d 1977-  |7 js20050620023  |4 cmp  |4 itr  |4 sng 
245 1 0 |a reSTART /  |c Petr Bende 
264 1 |a Praha :  |b Supraphon,  |c 2016 
264 4 |c 2016 
300 |a 1 CD audio ;  |c 12 cm 
336 |a hraná hudba  |b prm  |2 rdacontent 
337 |a audio  |b s  |2 rdamedia 
338 |a audiodisk  |b sd  |2 rdacarrier 
344 |a digital  |b optical  |2 rda 
347 |a audio soubor  |b CD audio  |2 rda 
500 |a Název z disku 
500 |a Hudba Petr Bende 
505 0 0 |g reSTART --  |t Utonout --  |t Uchem jehly --  |t Sníh s deštěm --  |t Tequilla --  |t Tajný song --  |t Živí to nepřežijem --  |t Kamikadze --  |t Přání --  |t Přímý zásah --  |t Šílení --  |t Sami jsme nic 
511 1 |a Petr Bende za doprovodu různých instrumentalistů 
518 |o Nahráno  |d srpen - říjen 2016  |p studio DC Sound - Frýdštejn 
648 7 |a 2011-2020  |7 ch460589  |2 czenas 
650 0 7 |a rock  |7 ph125174  |2 czenas 
650 0 7 |a populární písně  |y 2011-2020  |7 ph124354  |2 czenas 
655 7 |a kompaktní disky  |7 fd201991  |2 czenas 
910 |a BOA001  |b CDR-1378.709 
990 |a AV 
991 |b 201702 
996 6 |b 2610695126  |c CDR-1378.709  |l MZK  |r Sklad / do 24 hodin  |n 0  |p p.v.  |w 001596523  |u 000010  |a 1  |e BOA001  |j MZK50  |s P